Kam kráčí mraky?

Svet informačných technológií zažíva pravidelne v rozmedzí 10 až 15 rokov malé revolúcie. Boli to relačné databázy, architektúra klient/server, či internet. Jednou z takýchto malých revolúcií je dnes cloud computing.

Gespeichert in:
Bibliographische Detailangaben
1. Verfasser: Kocan, Marek
Format: Buchkapitel
Sprache:Tschechisch
Schlagworte:
Tags: Tag hinzufügen
Keine Tags, Fügen Sie das erste Tag hinzu!

MARC

LEADER 00000naa a2200000 4500
001 0143767
005 20240315070611.5
041 0 |a cze 
044 |a CZ 
245 1 0 |a Kam kráčí mraky?  |c Marek Kocan 
520 |a Svet informačných technológií zažíva pravidelne v rozmedzí 10 až 15 rokov malé revolúcie. Boli to relačné databázy, architektúra klient/server, či internet. Jednou z takýchto malých revolúcií je dnes cloud computing. 
610 2 0 |a technológie informačné 
610 2 0 |a technológie komunikačné 
610 2 0 |a počítače 
610 2 0 |a bezpečnosť informačná 
610 2 0 |a automatizácia 
610 2 0 |a infraštruktúra informačná 
610 2 0 |a vývoj 
100 1 |a Kocan, Marek